|
|
|
|
| LEADER |
02003nam a2200517 i 4500 |
| 001 |
nkc20172955645 |
| 003 |
CZ PrNK |
| 005 |
20190128114759.0 |
| 007 |
ta |
| 008 |
171116s2018 xr a e f 001 0 cze |
| 015 |
|
|
|a cnb002955645
|
| 020 |
|
|
|a 978-80-7549-616-4
|q (brožováno)
|
| 035 |
|
|
|a (OCoLC)1065993926
|
| 040 |
|
|
|a OLA001
|b cze
|e rda
|
| 041 |
1 |
|
|a cze
|h eng
|
| 072 |
|
7 |
|a 616
|x Patologie. Klinická medicína
|2 Konspekt
|9 14
|
| 080 |
|
|
|a 616-083.98
|2 MRF
|
| 080 |
|
|
|a 614.8.02/.06-053.2
|2 MRF
|
| 080 |
|
|
|a (035)
|2 MRF
|
| 130 |
0 |
|
|a First aid fast for babies and children.
|l Česky
|
| 245 |
1 |
0 |
|a Domácí první pomoc dětem :
|b co dělat při nehodách, poraněních či nemocech /
|c vedoucí odborná redaktorka Vivien J. Armstrongová ; z anglického originálu First aid fast for babies and children ... přeložila Miroslava Lánská
|
| 250 |
|
|
|a Vydání první
|
| 264 |
|
1 |
|a Praha :
|b Euromedia,
|c 2018
|
| 300 |
|
|
|a 128 stran :
|b barevné ilustrace ;
|c 24 cm
|
| 336 |
|
|
|a text
|b txt
|2 rdacontent
|
| 337 |
|
|
|a bez média
|b n
|2 rdamedia
|
| 338 |
|
|
|a svazek
|b nc
|2 rdacarrier
|
| 490 |
1 |
|
|a Esence
|
| 500 |
|
|
|a Obsahuje rejstřík
|
| 650 |
0 |
7 |
|a první pomoc
|7 ph124698
|2 czenas
|
| 650 |
0 |
7 |
|a přednemocniční neodkladná péče
|7 ph195807
|2 czenas
|
| 650 |
0 |
7 |
|a dětské úrazy
|7 ph134752
|2 czenas
|
| 650 |
0 |
9 |
|a first aid
|2 eczenas
|
| 650 |
0 |
9 |
|a immediate prehospital care
|2 eczenas
|
| 650 |
0 |
9 |
|a children's accidents
|2 eczenas
|
| 655 |
|
7 |
|a příručky
|7 fd133209
|2 czenas
|
| 655 |
|
9 |
|a handbooks and manuals
|2 eczenas
|
| 700 |
1 |
|
|a Armstrong, Vivien J.
|7 hka2015875494
|4 edt
|
| 700 |
1 |
|
|a Lánská, Miroslava
|7 xx0179195
|4 trl
|
| 830 |
|
0 |
|a Esence
|0 s
|
| 910 |
2 |
|
|a BOA001
|b 2-1420.561
|
| 928 |
9 |
|
|a Euromedia Group
|
| 990 |
|
|
|a BK
|
| 995 |
|
|
|a 01
|
| 996 |
6 |
|
|b 2610765792
|c 2-1420.561
|l MZK
|r Sklad / do 1 hodiny
|n 3
|p p.v.
|w 001700325
|u 000010
|a 1
|e BOA001
|j MZK50
|s P
|
| 996 |
7 |
|
|b 2610769055
|c 2-1420.561
|l Vol.výběr
|r VV 1p
|n 9
|p kup
|h 616-053.2 DOM
|w 001700325
|u 000020
|a 0
|e BOA001
|j MZK50
|s A
|